| 000 | 00513nam a2200157 4500 | ||
|---|---|---|---|
| 008 | 161014b xxu||||| |||| 00| 0 eng d | ||
| 022 | _a0893-8989 | ||
| 082 | _aDPer 363.205 P75 Aug 2014- Apr 2015 v. 38-39 | ||
| 100 |
_916205 _aOkerblom, Jim |
||
| 245 |
_aComputerizing k-9 search-and-rescue/ _cJim Okerblom. |
||
| 260 |
_aCalifornia: _bBobit Business Media, _cc2014-2015. |
||
| 300 |
_apages 24-27; _c28 cm. |
||
| 500 | _aPolice: The Law Enforcement Magazine. | ||
| 650 | 0 |
_916206 _aRescue |
|
| 942 |
_2ddc _cPER |
||
| 999 |
_c5222 _d5222 |
||